000 00238nam a22001217a 4500
040 _cSK
082 _a641
100 _aRAO M. A.
245 _aFood rheology and texture
260 _aUSA
_bRAO M. A.
_c2005
300 _a401p.
942 _cEK
999 _c8604
_d8604